[Event "Palmira op-B"]
[Site "Palmira"]
[Date "2022.12.14"]
[Round "1"]
[White "Chavarro, Jeffry"]
[Black "Cardona, Jacobo"]
[Result "1-0"]
[WhiteElo "2020"]
[BlackElo "1471"]
[PlyCount "43"]
[EventDate "2022.12.14"]
[EventType "swiss"]
[EventRounds "8"]
[EventCountry "COL"]
[SourceTitle "CBM 211 Extra"]
[Source "ChessBase"]
[SourceDate "2023.01.31"]
[SourceVersion "1"]
[SourceVersionDate "2023.01.31"]
[SourceQuality "1"]

1. e4 e5 2. Nf3 Nc6 3. Bb5 a6 4. Ba4 Nf6 5. d4 exd4 6. 0-0 Be7 7. e5 Ne4 8. Re1 Nc5 9. Bxc6 dxc6 10. Nxd4 0-0 11. Nc3 Ne6 12. Nf5 Bg5 13. Be3 Bd7 14. Ne4 Bxe3 15. Rxe3 Ng5 16. Rd3 Nxe4 17. Rxd7 Qg5 18. Qf3 Nd2 19. Qd3 Rfe8 20. h4 Qf4 21. Ng3 Nc4 22. Rd4 1-0

[Event "Jamundi Valle Avanza op-B"]
[Site "Jamundi"]
[Date "2022.12.11"]
[Round "7"]
[White "Chavarro, Jeffry"]
[Black "Renteria, Rolando"]
[Result "0-1"]
[WhiteElo "2020"]
[BlackElo "2046"]
[PlyCount "63"]
[EventDate "2022.12.08"]
[EventType "swiss"]
[EventRounds "7"]
[EventCountry "COL"]
[SourceTitle "EXT 2024"]
[Source "ChessBase"]
[SourceDate "2023.10.10"]
[SourceVersion "1"]
[SourceVersionDate "2023.10.10"]
[SourceQuality "1"]

1. e4 e5 2. Nf3 d6 3. d4 exd4 4. Nxd4 Nf6 5. Nc3 Be7 6. Be2 0-0 7. 0-0 Re8 8. Kh1 Bf8 9. Bf3 h6 10. g4 Nh7 11. Be3 Bd7 12. Qd2 Nc6 13. Nf5 Ne5 14. Be2 Ng6 15. Rg1 Be7 16. f4 Bc6 17. g5 hxg5 18. fxg5 Bf8 19. Qd4 Re5 20. Raf1 Qe8 21. Rg4 Qd7 22. Bf3 Rae8 23. h4 Rxf5 24. exf5 Qxf5 25. Ne4 Qxg4 26. Bxg4 Rxe4 27. Qxe4 Bxe4+ 28. Kg1 Nxh4 29. Rf4 d5 30. Bh5 Nf5 31. Bxa7 Bd6 32. Rf1 0-1

[Event "Jamundi Valle Avanza op-B"]
[Site "Jamundi"]
[Date "2022.12.09"]
[Round "3"]
[White "Chavarro, Jeffry"]
[Black "Estrada Velandia, Henry Andres"]
[Result "1/2-1/2"]
[WhiteElo "2020"]
[BlackElo "1883"]
[PlyCount "124"]
[EventDate "2022.12.08"]
[EventType "swiss"]
[EventRounds "7"]
[EventCountry "COL"]
[SourceTitle "EXT 2024"]
[Source "ChessBase"]
[SourceDate "2023.10.10"]
[SourceVersion "1"]
[SourceVersionDate "2023.10.10"]
[SourceQuality "1"]

1. e4 e6 2. d4 d5 3. Nc3 Nf6 4. e5 Nfd7 5. Nce2 Be7 6. f4 c5 7. Nf3 Nc6 8. c3 0-0 9. Be3 cxd4 10. cxd4 Nb6 11. Nc3 Na5 12. b3 Bd7 13. Bd3 Rc8 14. Rc1 h6 15. h4 Ba3 16. Bb1 Bxc1 17. Qd3 f5 18. exf6 Qxf6 19. Bxc1 Qf5 20. Qd2 Qg4 21. Kf2 Nc6 22. h5 e5 23. dxe5 d4 24. Ne4 Nd5 25. Rh4 Qe6 26. Nc5 Qe7 27. Nxd7 Qxd7 28. Qd3 Nce7 29. Nxd4 Nf5 30. Nxf5 Rxc1 31. Qxd5+ Qxd5 32. Ne7+ Kf7 33. Nxd5 Rxb1 34. f5 Rc8 35. e6+ Kf8 36. Rf4 Rd1 37. Ne3 Rd2+ 38. Kf3 Ke7 39. Rg4 Kf8 40. Nc4 Rxa2 41. Rd4 b5 42. Ne3 Rc3 43. Rd8+ Ke7 44. Rd7+ Kf8 45. Rd8+ Ke7 46. Rd7+ Kf8 47. Rf7+ Kg8 48. f6 gxf6 49. Rxf6 Rc8 50. Nf5 Rc3+ 51. Ke4 Re2+ 52. Kd4 Rxb3 53. e7 Rb4+ 54. Kd3 Rbe4 55. Rf8+ Kh7 56. Rf7+ Kh8 57. Rf8+ Kh7 58. Rf7+ Kh8 59. Rf8+ Kh7 60. Rf7+ Kh8 61. Rf8+ Kh7 62. Rf6 Kh8 1/2-1/2

[Event "Jamundi Valle Avanza op-B"]
[Site "Jamundi"]
[Date "2022.12.09"]
[Round "4"]
[White "Idrobo, Juan Manuel"]
[Black "Chavarro, Jeffry"]
[Result "0-1"]
[WhiteElo "1809"]
[BlackElo "2020"]
[PlyCount "122"]
[EventDate "2022.12.08"]
[EventType "swiss"]
[EventRounds "7"]
[EventCountry "COL"]
[SourceTitle "EXT 2024"]
[Source "ChessBase"]
[SourceDate "2023.10.10"]
[SourceVersion "1"]
[SourceVersionDate "2023.10.10"]
[SourceQuality "1"]

1. e4 c6 2. Nc3 d6 3. d4 Nd7 4. f4 e5 5. Nf3 Qc7 6. Bc4 Be7 7. fxe5 dxe5 8. 0-0 Ngf6 9. a4 0-0 10. Kh1 h6 11. Qe1 exd4 12. Nxd4 Ne5 13. Ba2 Ng6 14. Be3 Ng4 15. Bg1 Bc5 16. Rd1 Bxd4 17. Rxd4 Be6 18. Bxe6 fxe6 19. Rd2 a6 20. h3 N4e5 21. Bc5 Rxf1+ 22. Qxf1 Rd8 23. Rf2 b6 24. Be3 b5 25. Bc5 Nd7 26. Be3 Rf8 27. Rxf8+ Ndxf8 28. Qf2 b4 29. Ne2 Qe5 30. c3 Qxe4 31. cxb4 Qxb4 32. Nc3 Nd7 33. Qd2 Nde5 34. Qc2 c5 35. Ne4 Qe1+ 36. Bg1 c4 37. Kh2 Qf1 38. Ng3 Qf4 39. Qf2 Qxf2 40. Bxf2 Nd3 41. Bd4 e5 42. Bc3 Ne7 43. Ne4 Nc8 44. Kg3 Kf7 45. Kf3 Ke6 46. Ke3 Nb6 47. a5 Nd5+ 48. Kf3 Kd7 49. Nd2 Nxb2 50. Bxe5 c3 51. Nb3 g6 52. Ke2 Kc6 53. Bd4 Kb5 54. Bg7 h5 55. Nd4+ Kxa5 56. Ne6 Kb4 57. Bf8+ Kc4 58. Bh6 a5 59. Nf8 a4 60. Nxg6 a3 61. Ne5+ Kb5 0-1

[Event "Cali Masificacion op U2050"]
[Site "Cali"]
[Date "2021.12.27"]
[Round "3"]
[White "Chavarro, Jeffry"]
[Black "Giraldo, Edwin"]
[Result "0-1"]
[WhiteElo "2040"]
[BlackElo "1892"]
[PlyCount "80"]
[EventDate "2021.12.26"]
[EventType "swiss"]
[EventRounds "7"]
[EventCountry "COL"]
[SourceTitle "CBM 205 Extra"]
[Source "ChessBase"]
[SourceDate "2022.01.31"]
[SourceVersion "1"]
[SourceVersionDate "2022.01.31"]
[SourceQuality "1"]

1. e4 g6 2. h4 Bg7 3. d4 d5 4. e5 c5 5. c3 a6 6. h5 cxd4 7. cxd4 Nc6 8. h6 Bf8 9. Nc3 e6 10. a3 b5 11. b4 Qc7 12. Qd3 Bd7 13. Nf3 Rc8 14. Bd2 f6 15. exf6 Nxf6 16. Rc1 Bd6 17. Qb1 Bf4 18. Bxf4 Qxf4 19. Rh4 Qd6 20. Bd3 e5 21. Bxg6+ hxg6 22. Qxg6+ Kd8 23. Ng5 Be8 24. Qg7 Rg8 25. Qxg8 Nxg8 26. h7 Qg6 27. Rg4 Nh6 28. h8Q Nxg4 29. Qh4 Bd7 30. Nxd5 Nf6 31. Qh8+ Ne8 32. Qh6 Qg8 33. Rc5 exd4 34. Qh4 Ne7 35. Qf4 Rxc5 36. Nf7+ Qxf7 37. Qxf7 Rxd5 38. g4 d3 39. Kd2 Rd6 40. Qf4 Rd5 0-1

[Event "COL-ch"]
[Site "Palmira"]
[Date "2017.05.20"]
[Round "9"]
[White "Chavarro, Jeffry"]
[Black "Mateus Urbano, Luis Alejandro"]
[Result "0-1"]
[WhiteElo "2023"]
[BlackElo "2234"]
[PlyCount "46"]
[EventDate "2017.05.15"]
[EventType "swiss"]
[EventRounds "10"]
[EventCountry "COL"]
[SourceTitle "CBM 178 Extra"]
[Source "ChessBase"]
[SourceDate "2017.06.22"]
[SourceVersion "1"]
[SourceVersionDate "2017.06.22"]
[SourceQuality "1"]

1. e4 g6 2. d4 Bg7 3. Nc3 d6 4. f4 a6 5. Nf3 b5 6. Be3 Bb7 7. Be2 Nd7 8. a3 c5 9. e5 cxd4 10. Bxd4 dxe5 11. fxe5 e6 12. Qd3 Ne7 13. Ne4 0-0 14. Bc3 Nf5 15. 0-0-0 Qb6 16. g4 Rfd8 17. gxf5 Nxe5 18. Nxe5 Rxd3 19. Bxd3 Bxe4 20. f6 Bh6+ 21. Kb1 Bxh1 22. Rxh1 Rc8 23. Bb4 Bf8 0-1

[Event "COL-ch"]
[Site "Palmira"]
[Date "2017.05.17"]
[Round "4"]
[White "Herrera, Juan Sebastian"]
[Black "Chavarro, Jeffry"]
[Result "1-0"]
[WhiteElo "2216"]
[BlackElo "2023"]
[PlyCount "89"]
[EventDate "2017.05.15"]
[EventType "swiss"]
[EventRounds "10"]
[EventCountry "COL"]
[SourceTitle "CBM 178 Extra"]
[Source "ChessBase"]
[SourceDate "2017.06.22"]
[SourceVersion "1"]
[SourceVersionDate "2017.06.22"]
[SourceQuality "1"]

1. d4 Nf6 2. c4 c5 3. d5 b5 4. cxb5 a6 5. b6 d6 6. Nc3 g6 7. Nf3 Bg7 8. e4 0-0 9. a4 a5 10. Nd2 Nbd7 11. Be2 Nxb6 12. 0-0 e6 13. Nc4 exd5 14. exd5 Ba6 15. Nb5 Bxb5 16. axb5 Nxc4 17. Bxc4 Nd7 18. Ra2 Qh4 19. b3 Rfe8 20. Re1 Nb6 21. g3 Qd8 22. Rxe8+ Qxe8 23. Bf4 Be5 24. Re2 f6 25. Kg2 a4 26. Bc1 Qd7 27. f4 Bd4 28. Qe1 Kf7 29. Ra2 Qe7 30. Re2 Qd7 31. Qd1 Re8 32. Bd3 Rxe2+ 33. Bxe2 axb3 34. Qxb3 Qe7 35. Qf3 Qb7 36. f5 gxf5 37. Qxf5 Kg7 38. Bf3 Qd7 39. Qh5 Qxb5 40. Bh6+ Kg8 41. Qg4+ Kf7 42. Qe6+ Kg6 43. Bf8 Qb2+ 44. Kh3 h5 45. Be4+ 1-0

[Event "COL-ch sf"]
[Site "Santa Rosa"]
[Date "2011.06.25"]
[Round "7"]
[White "Chavarro, Jeffry"]
[Black "Ruiz Castillo, Joshua Daniel"]
[Result "0-1"]
[WhiteElo "2015"]
[BlackElo "2164"]
[PlyCount "124"]
[EventDate "2011.06.22"]
[EventType "swiss"]
[EventRounds "11"]
[EventCountry "COL"]
[SourceTitle "CBM 143 Extra"]
[Source "ChessBase"]
[SourceDate "2011.08.29"]
[SourceVersion "1"]
[SourceVersionDate "2011.08.29"]
[SourceQuality "1"]

1. e4 c5 2. Nf3 d6 3. d4 cxd4 4. Nxd4 Nf6 5. Nc3 a6 6. Be3 e5 7. Nb3 Be6 8. f3 Be7 9. Qd2 h5 10. h3 Nbd7 11. 0-0-0 b5 12. Nd5 Bxd5 13. exd5 Nb6 14. Bxb6 Qxb6 15. Bd3 h4 16. Rhe1 Nh5 17. Na5 Nf4 18. Nc6 Bg5 19. Kb1 0-0 20. Qb4 Qc7 21. Qb3 Qd7 22. Rg1 Nh5 23. Qb4 Bf4 24. c4 bxc4 25. Bxc4 Bg3 26. Rd3 Nf4 27. Rd2 Rfe8 28. Bb3 a5 29. Qc4 Qb7 30. Rc1 g6 31. Ba4 Rf8 32. Rc3 Qb6 33. Rb3 Qg1+ 34. Qc1 Qh2 35. Bb5 Nh5 36. Qd1 Bf4 37. Rc2 Qg3 38. Ra3 Nf6 39. Bc4 a4 40. Re2 Qh2 41. Rc3 Nd7 42. Bb5 Nb6 43. a3 Kg7 44. Rec2 Qg3 45. Nb4 Ra5 46. Qe2 Qg5 47. Rc6 Qd8 48. Qd3 Qb8 49. Na6 Qd8 50. Rc7 Qa8 51. R7c6 Qd8 52. Rc7 Qa8 53. R2c6 Nc8 54. Rd7 Na7 55. Nc7 Qb8 56. Ne6+ Kg8 57. Nxf8 Rxb5 58. Rxa7 Rxb2+ 59. Ka1 Rd2 60. Qxd2 Bxd2 61. Rac7 Be3 62. Rc2 Bd4+ 0-1

[Event "Pan American-ch U20"]
[Site "Cali"]
[Date "2010.05.23"]
[Round "6"]
[White "Chavarro, Jeffry"]
[Black "Escobar Medina, Andres F"]
[Result "0-1"]
[WhiteElo "2035"]
[BlackElo "2110"]
[PlyCount "84"]
[EventDate "2010.05.20"]
[EventType "swiss"]
[EventRounds "9"]
[EventCountry "COL"]
[SourceTitle "CBM 136 Extra"]
[Source "ChessBase"]
[SourceDate "2010.07.02"]
[SourceVersion "2"]
[SourceVersionDate "2010.07.15"]
[SourceQuality "1"]

1. e4 c5 2. Nf3 Nc6 3. d4 cxd4 4. Nxd4 Nf6 5. Nc3 d6 6. f3 e6 7. Be3 a6 8. Qd2 Be7 9. 0-0-0 Nxd4 10. Bxd4 b5 11. g4 0-0 12. h4 Bb7 13. g5 Nd7 14. Kb1 b4 15. Ne2 Ne5 16. Qxb4 Qc7 17. Bb6 Qb8 18. Nd4 Re8 19. g6 hxg6 20. h5 d5 21. Qa5 Qc8 22. hxg6 Nxg6 23. Bd3 Bf6 24. e5 Bxe5 25. Rdg1 Bxd4 26. Bxd4 e5 27. Bc5 Qc6 28. Bf5 Bc8 29. Rh5 Bxf5 30. Rxf5 Rab8 31. Be3 Rec8 32. Qd2 d4 33. Bg5 Qe6 34. Qd3 Rc3 35. Qe4 Qb6 36. Bc1 d3 37. Rg2 Rbc8 38. Qd5 Nh8 39. Rxg7+ Kxg7 40. Qxe5+ Kg8 41. Rh5 Ng6 42. Qg3 Rxc2 0-1

[Event "Pan American-ch U20"]
[Site "Cali"]
[Date "2010.05.22"]
[Round "4"]
[White "Valencia, David Fernando"]
[Black "Chavarro, Jeffry"]
[Result "1/2-1/2"]
[WhiteElo "1826"]
[BlackElo "2035"]
[PlyCount "129"]
[EventDate "2010.05.20"]
[EventType "swiss"]
[EventRounds "9"]
[EventCountry "COL"]
[SourceTitle "CBM 136 Extra"]
[Source "ChessBase"]
[SourceDate "2010.07.02"]
[SourceVersion "2"]
[SourceVersionDate "2010.07.15"]
[SourceQuality "1"]

1. e4 c5 2. c4 e6 3. Nc3 Nc6 4. Nge2 g6 5. g3 Bg7 6. Bg2 Nge7 7. 0-0 0-0 8. d3 Rb8 9. a4 d6 10. f4 f5 11. Be3 Nd4 12. h3 Bd7 13. Nb5 Nxb5 14. axb5 Qb6 15. Nc3 a6 16. Na4 Qd8 17. Qb3 axb5 18. cxb5 Ra8 19. e5 c4 20. dxc4 dxe5 21. Bxb7 Rb8 22. Bb6 Qe8 23. Bg2 e4 24. Rfd1 Rf7 25. Nc5 Bxb5 26. Nxe6 Rxb6 27. Nc7 Qc8 28. Ra8 Rb8 29. Rxb8 Qxb8 30. Nxb5 Nc6 31. Kf1 g5 32. fxg5 Ne5 33. Ke2 Nd3 34. Rxd3 exd3+ 35. Qxd3 Qe5+ 36. Kd1 Re7 37. Qd5+ Kf8 38. Qxe5 Bxe5 39. c5 Bxb2 40. Nd6 Ba3 41. Nxf5 Rd7+ 42. Ke2 Bxc5 43. Be4 Kf7 44. Kf3 Ke6 45. Nh6 Ke5 46. Ng4+ Kd4 47. Nf6 Rf7 48. Bxh7 Be7 49. Kf4 Bxf6 50. gxf6 Rxh7 51. h4 Kd5 52. Kf5 Kd6 53. Kg6 Rh8 54. Kg7 Rc8 55. g4 Ke6 56. g5 Rc7+ 57. Kg6 Rc8 58. Kg7 Rc7+ 59. Kg6 Rc8 60. h5 Rg8+ 61. Kh6 Rh8+ 62. Kg7 Rxh5 63. g6 Rf5 64. f7 Ke7 65. Kh8 1/2-1/2

[Event "Pan American-ch U20"]
[Site "Cali"]
[Date "2008.06.15"]
[Round "9"]
[White "Arenas Vanegas, David"]
[Black "Chavarro, Jeffry"]
[Result "1-0"]
[WhiteElo "2196"]
[BlackElo "2062"]
[PlyCount "61"]
[EventDate "2008.06.10"]
[EventType "swiss"]
[EventRounds "9"]
[EventCountry "COL"]
[SourceTitle "CBM 124 Extra"]
[Source "ChessBase"]
[SourceDate "2008.07.03"]
[SourceVersion "1"]
[SourceVersionDate "2008.07.03"]
[SourceQuality "1"]

1. e4 c5 2. Nc3 Nc6 3. Nf3 d6 4. d4 cxd4 5. Nxd4 Nf6 6. f3 e6 7. Be3 a6 8. Qd2 Be7 9. 0-0-0 0-0 10. g4 Nxd4 11. Bxd4 b5 12. g5 Nd7 13. h4 b4 14. Na4 Bb7 15. Qxb4 Qc7 16. Qc4 Qb8 17. g6 d5 18. exd5 Bxd5 19. gxh7+ Kh8 20. Qc3 f6 21. Kb1 Rc8 22. Qd3 Qf4 23. Rg1 e5 24. Nc3 Rxc3 25. Bxc3 Nb6 26. Be2 f5 27. Qd2 Qa4 28. b3 Qc6 29. Bxe5 Bf6 30. Bxf6 Qxf6 31. Qd4 1-0

[Event "Pan American-ch U20"]
[Site "Cali"]
[Date "2008.06.12"]
[Round "4"]
[White "Chavarro, Jeffry"]
[Black "Alvarez, Javier"]
[Result "1-0"]
[WhiteElo "2062"]
[BlackElo "2147"]
[PlyCount "101"]
[EventDate "2008.06.10"]
[EventType "swiss"]
[EventRounds "9"]
[EventCountry "COL"]
[SourceTitle "CBM 124 Extra"]
[Source "ChessBase"]
[SourceDate "2008.07.03"]
[SourceVersion "1"]
[SourceVersionDate "2008.07.03"]
[SourceQuality "1"]

1. e4 c5 2. Nf3 d6 3. d3 Nc6 4. g3 g6 5. Bg2 Bg7 6. 0-0 e5 7. Nc3 Nge7 8. Nh4 Be6 9. f4 Qd7 10. Nd5 0-0-0 11. Qf3 Bg4 12. Qf2 Bh3 13. f5 Bxg2 14. Kxg2 Nxd5 15. exd5 Nb4 16. c4 Nxd3 17. Qd2 Nxc1 18. Raxc1 Bf6 19. fxg6 Bxh4 20. Rxf7 Qg4 21. g7 Rhe8 22. Rcf1 Be7 23. Qh6 e4 24. h3 Qg6 25. Qxg6 hxg6 26. g8Q Rxg8 27. Rxe7 Rgf8 28. Rxe4 Rxf1 29. Kxf1 Rf8+ 30. Rf4 Rh8 31. Kg2 Re8 32. Kf3 Re1 33. Re4 Ra1 34. a3 b5 35. cxb5 Rd1 36. Rc4 Rxd5 37. b4 Kb7 38. bxc5 dxc5 39. Ke4 Rg5 40. g4 Kb6 41. a4 Ka5 42. Kf4 Rd5 43. h4 Kb6 44. g5 Ka5 45. h5 gxh5 46. g6 Rd1 47. Kg5 Rd5+ 48. Kh6 a6 49. g7 Rd8 50. Rxc5 axb5 51. Rxb5+ 1-0

[Event "Pan American-ch U20"]
[Site "Cali"]
[Date "2008.06.11"]
[Round "2"]
[White "Panesso Rivera, Henry"]
[Black "Chavarro, Jeffry"]
[Result "1-0"]
[WhiteElo "2229"]
[BlackElo "2062"]
[PlyCount "63"]
[EventDate "2008.06.10"]
[EventType "swiss"]
[EventRounds "9"]
[EventCountry "COL"]
[SourceTitle "CBM 124 Extra"]
[Source "ChessBase"]
[SourceDate "2008.07.03"]
[SourceVersion "1"]
[SourceVersionDate "2008.07.03"]
[SourceQuality "1"]

1. g3 Nf6 2. Bg2 e6 3. Nf3 c5 4. c4 Nc6 5. 0-0 d5 6. cxd5 Nxd5 7. d4 cxd4 8. Nxd4 Nxd4 9. Qxd4 Qf6 10. Qxf6 Nxf6 11. Rd1 Bd6 12. Nc3 0-0 13. Bf4 h6 14. Rac1 g5 15. Be5 Ng4 16. a4 Bxe5 17. Rd4 Rb8 18. Nb5 a6 19. Nc7 f6 20. Rd8 b6 21. Bd5 Rxd8 22. Bc4 Rd2 23. Bb3 f5 24. f4 Rc2 25. Bxc2 Kf7 26. a5 Kf8 27. Rb1 Bb7 28. axb6 Bf3 29. b7 Bxb7 30. Be4 Ke7 31. b4 Bc6 32. h4 1-0

[Event "COL-ch U18"]
[Site "Cali"]
[Date "2008.01.20"]
[Round "6"]
[White "Chavarro, Jeffry"]
[Black "Rios, Cristhian Camilo"]
[Result "0-1"]
[WhiteElo "2088"]
[BlackElo "2088"]
[PlyCount "66"]
[EventDate "2008.01.18"]
[EventType "swiss"]
[EventRounds "7"]
[EventCountry "COL"]
[SourceTitle "EXT 2010"]
[Source "ChessBase"]
[SourceDate "2010.11.25"]
[SourceVersion "1"]
[SourceVersionDate "2010.11.25"]
[SourceQuality "1"]

1. e4 c5 2. Nf3 e6 3. d4 cxd4 4. c3 Nf6 5. e5 Nd5 6. cxd4 Nc6 7. Nc3 Nxc3 8. bxc3 d5 9. Bd3 Be7 10. h4 Qc7 11. Bf4 Bd7 12. 0-0 Na5 13. Qe2 Rc8 14. a4 Qd8 15. Qb2 Bxh4 16. g3 Be7 17. Kg2 Qb6 18. Qc2 h6 19. Rh1 Nc4 20. Nd2 Qb2 21. Nxc4 Qxc2 22. Nd6+ Bxd6 23. Bxc2 Rxc3 24. exd6 Rxc2 25. Rhb1 Bc6 26. a5 Kd7 27. Rb4 Rc4 28. Rxc4 dxc4+ 29. Kf1 f6 30. g4 Bf3 31. Rb1 Rc8 32. Ke1 c3 33. Rb3 Rc4 0-1

[Event "COL-ch U18"]
[Site "Cali"]
[Date "2008.01.18"]
[Round "2"]
[White "Chavarro, Jeffry"]
[Black "Guelgua, Alvaro"]
[Result "1-0"]
[WhiteElo "2088"]
[BlackElo "1964"]
[PlyCount "85"]
[EventDate "2008.01.18"]
[EventType "swiss"]
[EventRounds "7"]
[EventCountry "COL"]
[SourceTitle "EXT 2010"]
[Source "ChessBase"]
[SourceDate "2010.11.25"]
[SourceVersion "1"]
[SourceVersionDate "2010.11.25"]
[SourceQuality "1"]

1. e4 e5 2. Nc3 Nf6 3. f4 d5 4. d4 exd4 5. Qxd4 dxe4 6. Qe5+ Be7 7. Nxe4 0-0 8. Nxf6+ Bxf6 9. Qh5 Re8+ 10. Be2 Nc6 11. c3 Qe7 12. Bd2 Be6 13. b3 Rad8 14. Qb5 a6 15. Qxb7 Nb4 16. Qxb4 Qxb4 17. cxb4 Bxa1 18. Nf3 Bg4 19. Rf1 Re7 20. h3 Rde8 21. Rf2 Bxf3 22. gxf3 Bd4 23. Rg2 Re6 24. Kf1 Rg6 25. Rxg6 hxg6 26. Bxa6 Ra8 27. b5 Rb8 28. a4 Kf8 29. f5 gxf5 30. Bf4 Bb6 31. b4 g5 32. Bxg5 Ke8 33. a5 Bd4 34. Bf4 Kd7 35. b6 Bxb6 36. axb6 Rxb6 37. Bd3 Rxb4 38. Bxf5+ Kc6 39. Be4+ Kd7 40. Kf2 f6 41. Bf5+ Kc6 42. Kg3 Kb6 43. h4 1-0